| 000 | 00703nam a2200217 a 4500 | ||
|---|---|---|---|
| 003 | MX-MxUPN | ||
| 005 | 20240612164317.0 | ||
| 008 | 991125s1943 mx a r 000 0 spa d | ||
| 035 | _aUPN01000043827 | ||
| 040 |
_aMX-MxUPN _bspa _cMX-MxUPN |
||
| 041 | 0 | _aspa | |
| 050 | 1 | 4 |
_aF1226 _bT64 1943 |
| 100 | 1 |
_aTorres Quintero, Gregorio, _d1866-1934 _929436 |
|
| 245 | 1 | 3 |
_aLa patria mexicana : _belementos de historia nacional : primer ciclo |
| 250 | _aDécima edición. | ||
| 260 |
_aMéxico : _bMatilde Gómez Cárdenas, _c1943. |
||
| 300 |
_a244 páginas : _bilustraciones |
||
| 500 | _aEjemplar incompleto | ||
| 651 | 4 |
_aMéxico _xHistoria _xEstudio y enseñanza (Elemental) _95376 |
|
| 942 |
_2lcc _cLIBRO |
||
| 999 |
_c43827 _d43827 |
||